Monetary Economics : (Record no. 16083)

MARC details
000 -LEADER
fixed length control field 00851nam a22002537a 4500
008 - FIXED-LENGTH DATA ELEMENTS--GENERAL INFORMATION
fixed length control field 110925t2009 xxkadk fr|||| 001 0 eng d
020 ## - INTERNATIONAL STANDARD BOOK NUMBER
International Standard Book Number 023020595X
020 ## - INTERNATIONAL STANDARD BOOK NUMBER
International Standard Book Number 9780230205956
082 04 - DEWEY DECIMAL CLASSIFICATION NUMBER
Edition number 22
Classification number 332.46
Item number BAI
100 1# - MAIN ENTRY--PERSONAL NAME
9 (RLIN) 27341
Personal name Bain, Keith
245 10 - TITLE STATEMENT
Title Monetary Economics :
Remainder of title policy and its theoretical basis /
Statement of responsibility, etc Keith Bain and Peter Howells.
250 ## - EDITION STATEMENT
Edition statement 2nd ed.
260 ## - PUBLICATION, DISTRIBUTION, ETC. (IMPRINT)
Place of publication, distribution, etc Basingstoke, United Kingdom :
Name of publisher, distributor, etc Palgrave Macmillan,
Date of publication, distribution, etc c.2009
Place of manufacture (Beijing)
300 ## - PHYSICAL DESCRIPTION
Extent xii, 487 p. :
Other physical details charts, forms, tables ;
Dimensions 25 cm.
500 ## - GENERAL NOTE
General note Index : p. 479-487.
500 ## - GENERAL NOTE
General note Includes appendix.
504 ## - BIBLIOGRAPHY, ETC. NOTE
Bibliography, etc Bibliography : p. 459-477.
650 #0 - SUBJECT ADDED ENTRY--TOPICAL TERM
9 (RLIN) 10891
Topical term or geographic name as entry element Money.
650 #0 - SUBJECT ADDED ENTRY--TOPICAL TERM
9 (RLIN) 5608
Topical term or geographic name as entry element Monetary policy.
653 ## - INDEX TERM--UNCONTROLLED
Resource For college
Arrived date list September2011
-- December2013
655 ## - INDEX TERM--GENRE/FORM
Form subdivision
-- 33728
700 1# - ADDED ENTRY--PERSONAL NAME
9 (RLIN) 27342
Personal name Howells, Peter
942 ## - ADDED ENTRY ELEMENTS (KOHA)
Source of classification or shelving scheme Dewey Decimal Classification
Item type Book - Borrowing
Call number prefix 332.46 BAI
Holdings
Withdrawn status Item status Source of classification or shelving scheme Damaged status Not for loan Vendor Home library Current library Shelving location Date acquired Source of acquisition Total Checkouts Full call number Barcode Date last seen Koha item type Materials specified (bound volume or other part) Date last borrowed Total Renewals
    Dewey Decimal Classification     Baccah Central Library Central Library First floor 25/09/2011     332.46 BAI 000024917 15/07/2025 NB - Book (Non borrowing)      
  Lost Dewey Decimal Classification     Baccah Central Library Central Library First floor 25/09/2011   2 332.46 BAI 000024918 23/06/2013 Book - Borrowing Lost In Inventory_2015-8-23 05/12/2011  
    Dewey Decimal Classification     Baccah Central Library Central Library First floor 25/09/2011   6 332.46 BAI 000024919 15/07/2025 Book - Borrowing   23/09/2017 33
    Dewey Decimal Classification     Baccah Central Library Central Library First floor 04/12/2013   7 332.46 BAI 000029680 15/07/2025 Book - Borrowing   23/12/2017 28